Records of the Australia rugby union team. - Statistics

General Stats
  • This quiz has been taken 15 times
    13 since last reset
  • The average score is 10 of 12
Answer Stats
Answer % Correct
10 wins
100%
2 World Cup
100%
New Zealand
100%
South Africa
100%
4 Rugby Championship
92%
David Campese
92%
George Gregan
92%
Namibia
92%
Michael Hooper
75%
Michael Lynagh
75%
Robbie Deans
50%
Phil Hawthorne
8%
No matching quizzes found
Score Distribution
Percent of People with Each Score
Percentile by Number Answered
Your Score History
You have not taken this quiz since the last reset